000 00331nam a2200133Ia 4500
008 240624s9999 xx 000 0 und d
041 _aeng
082 _a658.15 KHA
100 _aKHAN M Y
245 _aFINANCIAL SERVICES
250 _a(3rd ed.)
260 _c2004
_aNew Delhi
_bTata McGrawhill
300 _axvi, : 780 : p. : cm. ; 21
999 _c4976
_d4976